Použitie martingálu pri modelovaní peňažných tokov životného poistenia
Martingály sa v životnom poistení objavujú v oblasti modelovania peňažných tokov. V súčasnej poistnej matematike sa táto problematika objavuje pod názvom testovanie zisku v životnom poistení. Peňažné toky vyjadrujúce stratu poisťovne tvoria základ použitia teórie martingálov v životnom poistení. Pri...
Saved in:
| Main Author: | |
|---|---|
| Other Authors: | |
| Format: | Book Chapter |
| Language: | Slovak |
| Subjects: | |
| Tags: |
No Tags, Be the first to tag this record!
|
MARC
| LEADER | 00000nla$a2200000$$$4500 | ||
|---|---|---|---|
| 001 | 0074185 | ||
| 005 | 20240502083211.5 | ||
| 041 | 0 | |a slo | |
| 044 | |a CZ | ||
| 245 | 1 | 0 | |a Použitie martingálu pri modelovaní peňažných tokov životného poistenia |c Tatiana Šoltésová, Erik Šoltés |
| 520 | |a Martingály sa v životnom poistení objavujú v oblasti modelovania peňažných tokov. V súčasnej poistnej matematike sa táto problematika objavuje pod názvom testovanie zisku v životnom poistení. Peňažné toky vyjadrujúce stratu poisťovne tvoria základ použitia teórie martingálov v životnom poistení. Pri modelovaní bol použitý časovo diskrétny model, v príkladoch použitá časová jednotka jeden rok. | ||
| 610 | 2 | 0 | |a poistenie životné |
| 610 | 2 | 0 | |a modelovanie |
| 610 | 2 | 0 | |a modely stochastické |
| 610 | 2 | 0 | |a cash flow |
| 610 | 2 | 0 | |a poisťovne |
| 100 | 1 | |a Šoltésová, Tatiana, 1975- | |
| 700 | 1 | |a Šoltés, Erik, 1974- | |